| 000 | 00790 a2200217 4500 | ||
|---|---|---|---|
| 001 | 26890 | ||
| 005 | 20260407155546.0 | ||
| 008 | 260407a1985 arg spa d | ||
| 003 | AR-UNSa-BCEJYS | ||
| 040 |
_aAR-UNSa-BCEJYS _bspa _cAR-UNSa-BCEJYS |
||
| 080 |
_a711(09) _xHistorÃa del Urbanismo |
||
| 245 | 1 | 0 |
_aHistoria del urbanismo _pSiglos XIV y XV |
| 020 | _a84-7088-390-9 | ||
| 264 | 1 |
_aMadrid : _bInstituto de Estudios de Administración Local _c1985 |
|
| 300 |
_a596 p. _c25 cm. |
||
| 505 | _a1. Temas y problemas generales - 2. Cuadros territoriales generales, cuadros territoriales peculiares - 3. Signos y experiencias para una nueva ciudad | ||
| 942 | _cBK | ||
| 590 | _aniveau_biblio:m niveau_hierar:0 | ||
| 100 | 1 | _aVioque Lozano, Juan | |
| 700 | 1 | _aFranchetti Pardo, Vittorio | |
| 999 |
_c1511 _d1511 |
||